000 00502nam a2200145 4500
999 _c13297
_d13297
008 190226b ||||| |||| 00| 0 eng d
022 _a16565649
082 _aDPer 303.405 H22 June -Sept 2016 v.12 n. 7-10
100 _aWanzi, Koh.
_937185
245 _aThe future of computing:
_bbeyond Moore's law.
_cKoh Wanzi.
260 _aQuezon City:
_bHardware Zone Phils. Corp.,
_c©June -Sept 2016.
300 _av12 n9, pages 74-82:
_billustrations;
_c28 cm.
650 _aComputers.
_937186
942 _2ddc
_cPER